Départements Limitrophes de La Haute-Marne - Statistiques

Statistiques générales
  • Ce quiz a été pris 85 fois
  • Le résultat moyen est 6 sur 6
Statistiques - réponses
Départements % Correct
Marne
100%
Côte-d'Or
98%
Aube
97%
Meuse
95%
Vosges
93%
Haute-Saône
84%
Aucun quiz correspondant
Distribution des résultats
% des personnes avec chaque résultat
Percentile par nombre de réponses
Votre historique - résultats
Vous n’avez pas pris ce quiz